INNovation : creativity techniques for hospitality managers

Αποθηκεύτηκε σε:
Λεπτομέρειες βιβλιογραφικής εγγραφής
Κύριος συγγραφέας: Berger, Florence 1943-
Άλλοι συγγραφείς: Ferguson, Dennis H.
Μορφή: Βιβλίο
Γλώσσα:English
Δημοσίευση: New York : John Wiley & Sons, c1990
Θέματα:
Ετικέτες: Προσθήκη ετικέτας
Δεν υπάρχουν, Καταχωρήστε ετικέτα πρώτοι!

MARC

LEADER 00000nam a2200000 i 4500
001 1/101435
008 000210s1990 eng d
020 |a 0-471-52774-2 (hbk.) 
035 |l 10057683 
040 |a GR-MY-UA  |b gre  |e aacr 
041 0 |a eng 
082 0 |a 647.94068 
100 1 |a Berger, Florence  |d 1943- 
245 1 0 |a INNovation :  |b creativity techniques for hospitality managers /  |c Florence Berger, Dennis H. Ferguson 
260 |a New York :   |b John Wiley & Sons,   |c c1990 
300 |a xxi, 116 p. 
504 |a Includes index 
650 0 0 |a Hospitality industry  |x Management. 
700 1 |a Ferguson, Dennis H. 
852 |a INST  |b CHIOS  |e 20000210  |h 647.94068 BER  |p 005200019008  |q 005200019008  |t BK  |y 0 
901 |a BIBL2-2000-1 
909 |a Χ  |b 072534 
922 |a 2ΕΛΗ  |b 199912  |c ΤΔΕ  |d ΠΑΠΑΣΩΤΗΡΙΟΥ 
950 |a 112-1999-11-08 
970 |a ΣΠΕΝΤΖΑ  |b ΕΛΕΝΗ  |z 2000/02/10